| 000 | 00554nam a22001817a 4500 | ||
|---|---|---|---|
| 999 |
_c526502 _d526502 |
||
| 003 | NUST | ||
| 020 | _a- | ||
| 038 | _aZafar Malik | ||
| 082 |
_a297.692 _bSIN |
||
| 100 |
_aSindhi, Ghulam Haider Prof. Dr. _917517 |
||
| 245 |
_aHayat-e-Qalandar Shahbaz \ _cProf. Dr. Ghulam Haider Sindhi |
||
| 260 |
_aIslamabad : _bQuaid-e-Azam University ; _c2006. |
||
| 300 | _a394 p. ; | ||
| 500 | _aHardcover | ||
| 880 |
_6100-02\r _aپروفیسر ڈاکٹر غلام حیدر سندھی |
||
| 880 |
_6245-02\r _aحیات قلندر شہباز |
||
| 942 |
_2ddc _cBK |
||